000 00860nam a2200277 a 4500
001 24679
003 CO-ViMGA
005 20230915232013.0
008 141112s2004 ck r 000 u spa d
020 _a843761225X
035 _aAFC6586 LA
040 _aCO-ViMGA
_bspa
_cCO-ViMGA
041 _aspa
043 _an - us - - -
082 0 4 _a927.8 S67p
100 1 _aPowell, Steve J.
_936793
245 1 0 _aBruce Springsteen /
_cSteve J. Powell.
260 _aMadrid :
_bEdiciones Cátedra,
_c1994.
300 _a246 p. : il. ; 18 cm.
490 _aRock pop ; 29
600 _aSpringsteen, Bruce, 1949 -
_936794
650 1 4 _aMúsica rock.
_99290
942 _2ddc
_cBK
949 _an n
999 _c32489
_d32489